Регионална библиотека "Любен Каравелов" - Русе

Съчинения (Запис номер 345518)

MARC детайли
000 -Лидер
Контролно поле с фиксирана дължина nam a22 a 4500
003 - Код на организацията, давaща контролен номер
Контролно поле BLK
005 - Дата и час на последна редакция
Контролно поле 20210714151356.0
008 - Елементи от данни с фиксирана дължина
fixed length control field 180911b bul|||||r ||||||| ||bul||
040 ## - Източник на каталожния запис
Идентификатор на билиотеката - собственик на записа BLK
041 ## - Код за език
Код за езика на текст/звукозапис или на отделно заглавие Български
Код за езика КДБФ Български
080 ## - УДК
Текстов определител УДК Българска литература
УДК код - определител по УДК 821.163.2
УДК определител (081)
УДК - код + определител 821.163.2(081)
080 ## - УДК
Текстов определител УДК Българска литература
УДК код - определител по УДК 821.163.2
УДК определител -1
УДК - код + определител 821.163.2-1
100 ## - Редна дума - Автор
Автор Церковски, Цанко
Авторска отговорност първи автор
R(LIN) 251791
139 ## - Редно поле
Редна дума Церковски, Цанко
245 00 - Сведения за заглавието
Заглавие Съчинения
Подзаглавни данни В 3 т.
Редно поле (дума) Цанко Бакалов Церковски ; Под ред. на Никола Атанасов
Том Т. 2
Заглавие на том Стихотворения и поеми
260 ## - Област на издателските данни
Място на издаване, разпространение и проч. София
Име на издателя, разпространителя и проч. Държ. изд.
Година на издаване 1947
9 (RLIN) 212233
300 ## - Физическа характеристика
Размери/Мащаб 18 см
380 ## - Жанр
Жанр Худож. лит.
490 ## - СЕРИИ (Колекции)
Име на серия Частна колекция - Академик Михаил Арнаудов
Бележки за серията Дарение - Основен фонд
650 ## - Допълнително описание по предмет – тема
Основно описание – тема или топоним Поезия
9 (RLIN) 166642
653 ## - Ключова дума – ненормативна
Ключова дума лирика
653 ## - Ключова дума – ненормативна
Ключова дума стихотворенияепос
653 ## - Ключова дума – ненормативна
Ключова дума разкази
655 ## - Ключова дума – жанр/разновидност
Данни за жанр/разновидност или ключова дума за фокус българска литература
700 ## - Други автори (авторска отговорност)
Лично име Атанасов, Никола
Автороска отговорност (Описва отношението между автора и произведението) ред.
9 (RLIN) 1311
760 ## - Описание на основната серия
Страници - том 304 с., 1 л. : факс., 1 л. : портр.
Част - том Т. 2
Заглавие Стихотворения и поеми
852 ## - Местоположение
Форматна сигнатура МА 221
Фондова буква Фонд "Михаил Арнаудов"
852 ## - Местоположение
Форматна сигнатура Цб 8.185.28911
Фондова буква Хранилище
999 ## - СИСТЕМНИ КОНТРОЛНИ НОМЕРА
Koha biblionumber 345518
Koha biblioitemnumber 345518
942 ## - АРТИКУЛИ
Вид на библиотечния материал Книги
Скрит в OPAC Не
Периодичен библиозапис Да
944 ## - СЪЗДАВАНЕ И РЕДАКЦИЯ на ЗАПИСА
Създаване/Редакция Създаване
Дата на регистрацията/редакция 1995
Служител, извършил регистрацията/редакцията ValK
944 ## - СЪЗДАВАНЕ И РЕДАКЦИЯ на ЗАПИСА
Създаване/Редакция Редакция
Дата на регистрацията/редакция 2021-07-14
Служител, извършил регистрацията/редакцията ГГГ
Наличности
Код за отписване Код за изгубен артикул Източник на класификационната схема Код за повреда Коз за рестрикции Код за отдаване Артикулен № Име на библиотеката - собственик Име на библиотеката, в която се намира в момента Статус (Текущо местоположение) Местоположение - отдел Цена в лева Номерация (Хронология) Инвентарен номер Систематично азбучна сигнатура Баркод Номер на екземпляра Цена в евро Служебен тип на артикула Дата на вписване в системата
  Не е изгубен Universal Decimal Classification Не е повреден без рестрикции Специални фондове ( старопечатни, редки и ценни, фонд М. Арнаудов) 743191 Регионална библиотека "Любен Каравелов" Русе Регионална библиотека "Любен Каравелов" Русе Фонд "Михаил Арнаудов" Фонд "Михаил Арнаудов" 2.80   345131 МА 221 120000345131 4 1.43 Книги  
  Не е изгубен Universal Decimal Classification Не е повреден   Специални фондове ( старопечатни, редки и ценни, фонд М. Арнаудов) 743192 Регионална библиотека "Любен Каравелов" Русе Регионална библиотека "Любен Каравелов" Русе Фонд "Михаил Арнаудов" Фонд "Михаил Арнаудов" 28.00   588478 МА 221 120000588478   14.32 Книги  
  Не е изгубен Universal Decimal Classification Не е повреден само за читалня ползва се в читалня 843111 Регионална библиотека "Любен Каравелов" Русе Регионална библиотека "Любен Каравелов" Русе Хранилище Основен фонд - ползва се само за читалня 0.45   22825 Цб 8.185.22825 900000069897   0.23 Книги 2021-07-15
  Не е изгубен Universal Decimal Classification Не е повреден само за читалня ползва се в читалня 843383 Регионална библиотека "Любен Каравелов" Русе Регионална библиотека "Любен Каравелов" Русе Хранилище Основен фонд - ползва се само за читалня 0.48   30645-а Цб 8.185.28911 900000069962   0.25 Книги 2021-07-16
Vip Innovations Ltd, Rousse, Bulgaria 2025